[Event "GER HS-208 email"]
[Site "GER email"]
[Date "2016.08.01"]
[Round "?"]
[White "Heyne, Klaus"]
[Black "Mueller, Siegfried"]
[Result "0-1"]
[WhiteElo "1522"]
[BlackElo "1754"]
[PlyCount "48"]
[EventDate "2016.08.08"]
[EventType "tourn (corr)"]
[EventRounds "6"]
[EventCountry "GER"]
[SourceTitle "Corr 2022"]
[Source "ChessBase"]
[SourceDate "2021.10.24"]
[SourceVersion "1"]
[SourceVersionDate "2021.10.24"]
[SourceQuality "1"]

1. d4 d5 2. Nf3 Nf6 3. Nc3 g6 4. Bf4 Bg7 5. g3 Nc6 6. Bg2 0-0 7. 0-0 Ne4 8. Ne5 Nxe5 9. dxe5 Nxc3 10. bxc3 c6 11. Qd4 Qa5 12. Rfb1 Rb8 13. Rb2 Bf5 14. a4 b6 15. Qe3 Rbd8 16. h3 h5 17. h4 c5 18. Rb5 Qa6 19. Qd2 Bd7 20. Rbb1 Bxa4 21. e4 dxe4 22. Qe3 c4 23. Bxe4 b5 24. Kh2 Qe6 0-1

[Event "GER OS-276 email"]
[Site "GER email"]
[Date "2015.09.11"]
[Round "?"]
[White "Heyne, Klaus"]
[Black "Wernitz, Helmut"]
[Result "0-1"]
[WhiteElo "1591"]
[BlackElo "1578"]
[PlyCount "40"]
[EventDate "2015.09.18"]
[EventType "tourn (corr)"]
[EventRounds "6"]
[EventCountry "GER"]
[SourceTitle "Corr 2020"]
[Source "ChessBase"]
[SourceDate "2019.09.30"]
[SourceVersion "1"]
[SourceVersionDate "2019.09.30"]
[SourceQuality "1"]

1. d4 Nf6 2. Nf3 e6 3. Nc3 d5 4. g3 c5 5. Bg2 Nc6 6. 0-0 Be7 7. dxc5 Bxc5 8. Bf4 a6 9. Ne5 Bd7 10. Nd3 Ba7 11. e4 dxe4 12. Nxe4 Nxe4 13. Bxe4 0-0 14. Bd6 Re8 15. c4 e5 16. c5 Bb8 17. Re1 Bxd6 18. cxd6 Qf6 19. Nc5 Nd4 20. Nxb7 Rab8 0-1

[Event "GER OS-254 email"]
[Site "GER email"]
[Date "2014.11.10"]
[Round "?"]
[White "Achatz, Michael"]
[Black "Heyne, Klaus"]
[Result "1-0"]
[WhiteElo "1895"]
[BlackElo "1519"]
[PlyCount "55"]
[EventDate "2014.11.17"]
[EventType "tourn (corr)"]
[EventRounds "6"]
[EventCountry "GER"]
[SourceTitle "Corr 2020"]
[Source "ChessBase"]
[SourceDate "2019.09.30"]
[SourceVersion "1"]
[SourceVersionDate "2019.09.30"]
[SourceQuality "1"]

1. d4 d5 2. Nf3 Nf6 3. c4 e6 4. Nc3 Nc6 5. Bg5 Bb4 6. e3 h6 7. Bh4 0-0 8. Qc2 Bxc3+ 9. bxc3 a6 10. Bd3 Rb8 11. 0-0 Bd7 12. cxd5 exd5 13. Rae1 Re8 14. Nd2 g5 15. Bg3 Na5 16. f4 Nh5 17. e4 Nxg3 18. hxg3 Bb5 19. e5 Bxd3 20. Qxd3 Re6 21. f5 Rb6 22. f6 Qd7 23. Rf5 Nc4 24. Nf3 Nb2 25. Qc2 Qb5 26. e6 Rxe6 27. Rxe6 Qd3 28. Qxd3 1-0

[Event "GER OS-249 email"]
[Site "GER email"]
[Date "2014.09.15"]
[Round "?"]
[White "Ackermann, Emil"]
[Black "Heyne, Klaus"]
[Result "1-0"]
[WhiteElo "1873"]
[BlackElo "1501"]
[PlyCount "43"]
[EventDate "2014.09.26"]
[EventType "tourn (corr)"]
[EventRounds "6"]
[EventCountry "GER"]
[SourceTitle "Corr 2020"]
[Source "ChessBase"]
[SourceDate "2019.09.30"]
[SourceVersion "1"]
[SourceVersionDate "2019.09.30"]
[SourceQuality "1"]

1. c4 e5 2. Nc3 Nc6 3. g3 Nf6 4. Bg2 Bc5 5. e3 0-0 6. Nge2 Bb6 7. a3 d6 8. 0-0 Bg4 9. h3 Bd7 10. Kh2 h5 11. b4 h4 12. g4 Qe7 13. f4 exf4 14. Nxf4 g5 15. Ncd5 Nxd5 16. Nxd5 Qe5+ 17. Kh1 f5 18. d4 Qg7 19. gxf5 Bxf5 20. Ra2 Rae8 21. Raf2 Bg6 22. Nf6+ 1-0

[Event "GER OS-249 email"]
[Site "GER email"]
[Date "2014.09.15"]
[Round "?"]
[White "Heyne, Klaus"]
[Black "Horst, Lothar"]
[Result "0-1"]
[WhiteElo "1501"]
[BlackElo "1727"]
[PlyCount "54"]
[EventDate "2014.09.26"]
[EventType "tourn (corr)"]
[EventRounds "6"]
[EventCountry "GER"]
[SourceTitle "Corr 2020"]
[Source "ChessBase"]
[SourceDate "2019.09.30"]
[SourceVersion "1"]
[SourceVersionDate "2019.09.30"]
[SourceQuality "1"]

1. d4 d5 2. Nf3 Nf6 3. Nc3 c6 4. g3 e6 5. Bg2 Nbd7 6. 0-0 Be7 7. Qd3 0-0 8. Bf4 b5 9. a3 a5 10. Ne5 Bb7 11. Nxd7 Qxd7 12. Bf3 c5 13. dxc5 b4 14. Nb5 Bxc5 15. Be5 Qe7 16. axb4 axb4 17. Rfd1 Rxa1 18. Rxa1 Nd7 19. Bd4 e5 20. Bxc5 Qxc5 21. c4 Nb6 22. cxd5 f5 23. Nc7 Qxc7 24. d6 Qd7 25. Bxb7 Qxb7 26. Qb3+ Qd5 27. Qxd5+ Nxd5 0-1

[Event "Berlin-ch Seniors op 30th"]
[Site "Berlin"]
[Date "2014.02.01"]
[Round "3"]
[White "Heyne, Klaus"]
[Black "Engelhardt, Erhard"]
[Result "0-1"]
[WhiteElo "1047"]
[BlackElo "1674"]
[PlyCount "108"]
[EventDate "2014.01.30"]
[EventType "swiss"]
[EventRounds "9"]
[EventCountry "GER"]
[SourceTitle "EXT 2018"]
[Source "ChessBase"]
[SourceDate "2017.10.13"]
[SourceVersion "1"]
[SourceVersionDate "2017.10.13"]
[SourceQuality "1"]

1. d4 e6 2. c4 b6 3. Nf3 Bb7 4. e3 f5 5. Be2 Nf6 6. Nc3 Bb4 7. Bd2 0-0 8. a3 Bxc3 9. Bxc3 Ne4 10. Bb4 d6 11. 0-0 Nd7 12. Rc1 a5 13. Bd2 Qe7 14. Bc3 Ndf6 15. Nd2 Nxc3 16. Rxc3 Rad8 17. Bf3 Bxf3 18. Nxf3 e5 19. d5 h6 20. Re1 Qf7 21. h3 Kh8 22. b4 Ra8 23. b5 Rg8 24. a4 g6 25. Nd2 Nd7 26. Nb3 g5 27. Rf1 Qg6 28. g4 Raf8 29. f3 h5 30. Rc2 Rg7 31. Rg2 Re8 32. Qc2 Rf8 33. e4 fxg4 34. hxg4 h4 35. Rh2 Rgf7 36. Rh3 Nf6 37. Nd2 Nd7 38. Nb3 Rf4 39. Qg2 Qf7 40. Rf2 Nf6 41. Rh2 Qd7 42. Qf1 Qc8 43. Nd2 Rf7 44. Qe2 Qf8 45. Qf1 Nd7 46. Nb3 Rxf3 47. Rxf3 Rxf3 48. Rf2 Rf4 49. Nd2 Kg7 50. Nf3 Kg6 51. Nxh4+ gxh4 52. Rxf4 Qxf4 53. Qh3 Kg5 54. Qg2 Qxg4 0-1

[Event "Berlin Lichtenberger op 11th"]
[Site "Berlin"]
[Date "2012.08.22"]
[Round "5"]
[White "Heyne, Klaus"]
[Black "Poeltelt, Helmut"]
[Result "0-1"]
[WhiteElo "1464"]
[BlackElo "1732"]
[PlyCount "42"]
[EventDate "2012.08.18"]
[EventType "swiss"]
[EventRounds "9"]
[EventCountry "GER"]
[SourceTitle "CBM 150 Extra"]
[Source "ChessBase"]
[SourceDate "2012.10.19"]
[SourceVersion "1"]
[SourceVersionDate "2012.10.19"]
[SourceQuality "1"]

1. d4 Nf6 2. c4 g6 3. Nf3 Bg7 4. e3 0-0 5. Be2 d5 6. c5 c6 7. 0-0 Nbd7 8. h3 Re8 9. Nc3 e5 10. Nxe5 Nxe5 11. dxe5 Rxe5 12. b4 Re8 13. Bb2 Ne4 14. Rc1 Be5 15. f4 Bg7 16. Ba1 Ng3 17. Rf2 d4 18. Na4 dxe3 19. Qxd8 exf2+ 20. Kxf2 Ne4+ 21. Kf3 Rxd8 0-1

[Event "GER-ch Seniors 22nd"]
[Site "Berlin"]
[Date "2010.08.24"]
[Round "9"]
[White "Heyne, Klaus"]
[Black "Wiebke, Elfriede"]
[Result "1-0"]
[WhiteElo "1170"]
[BlackElo "1050"]
[PlyCount "159"]
[EventDate "2010.08.16"]
[EventType "swiss"]
[EventRounds "9"]
[EventCountry "GER"]
[SourceTitle "CBM 138 Extra"]
[Source "ChessBase"]
[SourceDate "2010.10.29"]
[SourceVersion "1"]
[SourceVersionDate "2010.10.29"]
[SourceQuality "1"]

1. d4 d5 2. Nf3 Nc6 3. e3 h6 4. Be2 Nf6 5. 0-0 e6 6. a3 Bd6 7. Nbd2 0-0 8. b4 Ne4 9. Bb2 Ne7 10. h3 c6 11. Bd3 b5 12. Bxe4 dxe4 13. Nxe4 Nf5 14. Nxd6 Nxd6 15. Nd2 f5 16. f4 Bb7 17. Qe2 a6 18. c4 bxc4 19. Nxc4 Ne4 20. Na5 Ng3 21. Qf2 Ne4 22. Nxb7 Nxf2 23. Nxd8 Nd3 24. Nxe6 Rf6 25. Nc7 Ra7 26. Nxa6 Nxb2 27. Nc5 Nc4 28. Rfe1 Rg6 29. Kh2 h5 30. e4 fxe4 31. Nxe4 Rf7 32. Rf1 Ne3 33. Rf2 Nf5 34. Ng5 Re7 35. Rd1 Ne3 36. Rc1 Nf5 37. b5 Nxd4 38. a4 Ra7 39. Re1 Rf6 40. Re8+ Rf8 41. Rxf8+ Kxf8 42. bxc6 Nxc6 43. Ne6+ Kf7 44. Nc5 Kf6 45. g3 Ra5 46. Rc2 Nd4 47. Rc4 Nf3+ 48. Kg2 Nd2 49. Nd7+ Kf5 50. Rc5+ Rxc5 51. Nxc5 Nc4 52. Nb3 Ke6 53. a5 Kd6 54. a6 Kc6 55. Nd4+ Kb6 56. Ne6 g6 57. Nf8 Kxa6 58. Nxg6 Ne3+ 59. Kf3 Nf5 60. g4 hxg4+ 61. hxg4 Nd4+ 62. Ke4 Ne6 63. f5 Ng5+ 64. Kf4 Nh3+ 65. Kg3 Ng5 66. Kf4 Nh3+ 67. Ke4 Kb6 68. f6 Ng5+ 69. Kf5 Nf7 70. Ne5 Nd6+ 71. Ke6 Ne8 72. g5 Kc7 73. g6 Nd6 74. g7 Ne4 75. g8Q Nc5+ 76. Kf5 Nb7 77. Qg7+ Kb6 78. f7 Nd6+ 79. Ke6 Nxf7 80. Nxf7 1-0

[Event "GER-ch Seniors 22nd"]
[Site "Berlin"]
[Date "2010.08.20"]
[Round "5"]
[White "Heyne, Klaus"]
[Black "Luft, Helga"]
[Result "0-1"]
[WhiteElo "1170"]
[BlackElo "1625"]
[PlyCount "72"]
[EventDate "2010.08.16"]
[EventType "swiss"]
[EventRounds "9"]
[EventCountry "GER"]
[SourceTitle "CBM 138 Extra"]
[Source "ChessBase"]
[SourceDate "2010.10.29"]
[SourceVersion "1"]
[SourceVersionDate "2010.10.29"]
[SourceQuality "1"]

1. d4 d5 2. Nf3 Nf6 3. e3 e6 4. Be2 c5 5. dxc5 Bxc5 6. 0-0 0-0 7. c4 Nc6 8. cxd5 exd5 9. Nc3 Bg4 10. Ne1 Bxe2 11. Qxe2 a6 12. Nd3 Ba7 13. Nf4 d4 14. Nd1 Re8 15. a3 Qd6 16. Qd3 Rad8 17. Ne2 dxe3 18. Qxd6 exf2+ 19. Nxf2 Rxd6 20. Nc3 Ng4 21. Bf4 Rf6 22. Bg3 Rf5 23. Rae1 Rxe1 24. Rxe1 h6 25. Nce4 Nce5 26. h3 Nxf2 27. Bxf2 Nd3 28. Rf1 Nxf2 29. Nxf2 g5 30. g4 Rb5 31. b4 a5 32. bxa5 Rxa5 33. Ra1 Ra4 34. Rb1 Rxa3 35. Rxb7 Bxf2+ 36. Kxf2 Rxh3 0-1

[Event "Berlin Lichtenberger op 9th"]
[Site "Berlin"]
[Date "2010.08.10"]
[Round "4"]
[White "Junghaenel, Dieter"]
[Black "Heyne, Klaus"]
[Result "1-0"]
[WhiteElo "1714"]
[BlackElo "1479"]
[PlyCount "91"]
[EventDate "2010.08.07"]
[EventType "swiss"]
[EventRounds "9"]
[EventCountry "GER"]
[SourceTitle "CBM 137 Extra"]
[Source "ChessBase"]
[SourceDate "2010.09.01"]
[SourceVersion "1"]
[SourceVersionDate "2010.09.01"]
[SourceQuality "1"]

1. b4 e5 2. Bb2 d6 3. e3 Nf6 4. Nf3 Bg4 5. Be2 Bxf3 6. Bxf3 Nc6 7. b5 Na5 8. Bc3 Nc4 9. d3 Nb6 10. Bxb7 Rb8 11. Bc6+ Nbd7 12. e4 Be7 13. a4 0-0 14. Bd2 Nb6 15. a5 Nbd7 16. c4 Nc5 17. Be3 h5 18. h3 Nh7 19. Nc3 Bg5 20. Nd5 Bxe3 21. Nxe3 Ne6 22. Qxh5 Qg5 23. Qxg5 Nhxg5 24. h4 Nh7 25. a6 Nd4 26. Bb7 Nf6 27. Ra2 Nd7 28. Nd5 Nc5 29. Ne7+ Kh7 30. Nc6 Nxd3+ 31. Kd2 Nxc6 32. Bxc6 Nb4 33. Ra3 Nxc6 34. bxc6 Rb6 35. Kc3 Rxc6 36. Rb1 Rb6 37. Rbb3 f5 38. exf5 Rxf5 39. Rxb6 cxb6 40. Ra2 Rf4 41. g3 Rf3+ 42. Kb4 Rd3 43. Kb5 Rb3+ 44. Kc6 Rc3 45. Kb7 Rxc4 46. Kxa7 1-0

[Event "Berlin Lichtenberger op 8th"]
[Site "Berlin"]
[Date "2009.08.22"]
[Round "8"]
[White "Glase, Johan"]
[Black "Heyne, Klaus"]
[Result "1/2-1/2"]
[WhiteElo "964"]
[BlackElo "1169"]
[PlyCount "31"]
[EventDate "2009.08.15"]
[EventType "swiss"]
[EventRounds "9"]
[EventCountry "GER"]
[SourceTitle "CBM 131 Extra"]
[Source "ChessBase"]
[SourceDate "2009.09.03"]
[SourceVersion "2"]
[SourceVersionDate "2009.09.16"]
[SourceQuality "1"]

1. e4 c5 2. Nf3 a6 3. e5 e6 4. Nc3 Nc6 5. d4 cxd4 6. Nxd4 Nxe5 7. Bf4 Nc6 8. g3 d6 9. Bg2 Nxd4 10. Qxd4 e5 11. Bxe5 dxe5 12. Qxe5+ Qe7 13. Qxe7+ Bxe7 14. Nd5 Bd8 15. 0-0-0 Nf6 16. Rhe1+ 1/2-1/2

[Event "Berlin Lichtenberger op 8th"]
[Site "Berlin"]
[Date "2009.08.16"]
[Round "2"]
[White "Heyne, Klaus"]
[Black "Hesselbarth, Karlheinz"]
[Result "0-1"]
[WhiteElo "1169"]
[BlackElo "1864"]
[PlyCount "70"]
[EventDate "2009.08.15"]
[EventType "swiss"]
[EventRounds "9"]
[EventCountry "GER"]
[SourceTitle "CBM 131 Extra"]
[Source "ChessBase"]
[SourceDate "2009.09.03"]
[SourceVersion "2"]
[SourceVersionDate "2009.09.16"]
[SourceQuality "1"]

1. d4 e5 2. dxe5 Qe7 3. Nf3 Nc6 4. b3 Nxe5 5. e3 Nf6 6. Nc3 Qd6 7. Nxe5 Qxe5 8. Bb2 Bb4 9. Qd4 Qxd4 10. exd4 Ne4 11. 0-0-0 Nxc3 12. Re1+ Kf8 13. Bxc3 Bxc3 14. Bc4 Bxe1 15. Rxe1 d6 16. Re3 Bd7 17. Rf3 f6 18. h3 Re8 19. Kd2 Be6 20. Bd3 Bd5 21. Rg3 Kf7 22. f3 g5 23. h4 gxh4 24. Rh3 Rhg8 25. Bf1 Rg7 26. Rxh4 Reg8 27. Rh2 c6 28. c4 Be6 29. g4 f5 30. Bd3 fxg4 31. Bxh7 Rf8 32. d5 cxd5 33. cxd5 Bxd5 34. fxg4 Rxg4 35. Rf2+ Kg7 0-1

[Event "Berlin Lichtenberger op 8th"]
[Site "Berlin"]
[Date "2009.08.15"]
[Round "1"]
[White "Cremer, Jan Paul"]
[Black "Heyne, Klaus"]
[Result "1-0"]
[WhiteElo "1859"]
[BlackElo "1169"]
[PlyCount "35"]
[EventDate "2009.08.15"]
[EventType "swiss"]
[EventRounds "9"]
[EventCountry "GER"]
[SourceTitle "CBM 131 Extra"]
[Source "ChessBase"]
[SourceDate "2009.09.03"]
[SourceVersion "2"]
[SourceVersionDate "2009.09.16"]
[SourceQuality "1"]

1. e4 c5 2. Nf3 d6 3. d4 cxd4 4. Nxd4 e5 5. Bb5+ Bd7 6. Bxd7+ Nxd7 7. Nf5 g6 8. Nxd6+ Bxd6 9. Qxd6 Qe7 10. Qxe7+ Nxe7 11. Bh6 Rg8 12. Be3 Rc8 13. Nc3 a6 14. 0-0-0 f5 15. Bg5 f4 16. Rd6 Rc6 17. Rhd1 Nc8 18. Rxd7 1-0

[Event "Berlin Lichtenberger op 7th"]
[Site "Berlin"]
[Date "2008.08.22"]
[Round "7"]
[White "Wierzbicki, Jirawat"]
[Black "Heyne, Klaus"]
[Result "0-1"]
[WhiteElo "734"]
[BlackElo "1160"]
[PlyCount "38"]
[EventDate "2008.08.16"]
[EventType "swiss"]
[EventRounds "9"]
[EventCountry "GER"]
[SourceTitle "CBM 126 Extra"]
[Source "ChessBase"]
[SourceDate "2008.11.05"]
[SourceVersion "1"]
[SourceVersionDate "2008.11.05"]
[SourceQuality "1"]

1. e4 c5 2. Nf3 Nc6 3. Bb5 a6 4. Bxc6 bxc6 5. 0-0 d6 6. d3 h6 7. Be3 Nf6 8. Nc3 e5 9. Qd2 Rb8 10. Rab1 Be6 11. Rfe1 Be7 12. Re2 Bg4 13. h3 Bxf3 14. gxf3 Qd7 15. Ree1 Qxh3 16. Qe2 Rg8 17. b3 g5 18. a3 g4 19. Qf1 gxf3+ 0-1

[Event "Berlin Lichtenberger op 7th"]
[Site "Berlin"]
[Date "2008.08.19"]
[Round "4"]
[White "Heyne, Klaus"]
[Black "Sampels, Michael"]
[Result "0-1"]
[WhiteElo "1160"]
[BlackElo "1745"]
[PlyCount "54"]
[EventDate "2008.08.16"]
[EventType "swiss"]
[EventRounds "9"]
[EventCountry "GER"]
[SourceTitle "CBM 126 Extra"]
[Source "ChessBase"]
[SourceDate "2008.11.05"]
[SourceVersion "1"]
[SourceVersionDate "2008.11.05"]
[SourceQuality "1"]

1. c4 f5 2. Nc3 Nf6 3. Nf3 g6 4. g3 Bg7 5. Bg2 0-0 6. 0-0 d6 7. d4 Qe8 8. Nb5 Na6 9. Nc3 Ne4 10. Nxe4 fxe4 11. Ng5 Qc6 12. Bxe4 Qxc4 13. Bd3 Qxd4 14. Bxa6 Qxd1 15. Rxd1 bxa6 16. Rb1 h6 17. Nf3 Bf5 18. Ra1 Bg4 19. Kg2 Rab8 20. Rd2 Rb6 21. h3 Bd7 22. Kh2 Rfb8 23. Rc2 c5 24. g4 Bxb2 25. Bxb2 Rxb2 26. Ne1 Rxc2 27. Nxc2 Rb2 0-1

[Event "Berlin-ch Seniors op 23rd"]
[Site "Berlin"]
[Date "2007.02.05"]
[Round "1"]
[White "Lukas, Wilmar"]
[Black "Heyne, Klaus"]
[Result "1-0"]
[WhiteElo "1763"]
[BlackElo "1161"]
[PlyCount "81"]
[EventDate "2007.02.05"]
[EventType "swiss"]
[EventRounds "9"]
[EventCountry "GER"]
[SourceTitle "EXT 2022"]
[Source "ChessBase"]
[SourceDate "2021.10.06"]
[SourceVersion "1"]
[SourceVersionDate "2021.10.06"]
[SourceQuality "1"]

1. e4 c5 2. d4 d6 3. Nf3 a6 4. Bc4 e6 5. a4 Be7 6. 0-0 Nf6 7. Nc3 0-0 8. h3 cxd4 9. Nxd4 Nc6 10. Be3 Nxd4 11. Qxd4 e5 12. Qd2 Bd7 13. Qd3 Qc8 14. Kh2 Be6 15. Bb3 Bxb3 16. cxb3 Qe6 17. Nd5 Nxd5 18. exd5 Qg6 19. Qxg6 fxg6 20. Rac1 Rac8 21. Rc3 Rxc3 22. bxc3 Rc8 23. c4 h5 24. Rc1 g5 25. b4 Kf8 26. Kg3 Ke8 27. Kf3 Kd7 28. Ke4 g6 29. c5 Bf6 30. b5 axb5 31. axb5 dxc5 32. Rxc5 Rxc5 33. Bxc5 Bg7 34. Ba7 Bf6 35. Bb8 Bg7 36. Bxe5 Bxe5 37. Kxe5 b6 38. g3 g4 39. h4 Ke7 40. d6+ Kd7 41. Kd5 1-0

[Event "Berlin op 08"]
[Site "Berlin"]
[Date "2006.08.25"]
[Round "7"]
[White "Heyne, Klaus"]
[Black "Popp, Maximilian"]
[Result "1-0"]
[WhiteElo "1110"]
[BlackElo "1285"]
[PlyCount "73"]
[EventDate "2006.08.19"]
[EventType "swiss"]
[EventRounds "9"]
[EventCountry "GER"]
[SourceTitle "EXT 2007"]
[Source "ChessBase"]
[SourceDate "2006.11.23"]
[SourceVersion "1"]
[SourceVersionDate "2006.11.23"]
[SourceQuality "1"]

1. c4 Nf6 2. d4 e6 3. Nc3 c5 4. dxc5 Bxc5 5. e3 0-0 6. Nf3 Nc6 7. Bd3 b6 8. 0-0 Bb7 9. a3 Qc7 10. Re1 Bd6 11. Nb5 Qb8 12. Nxd6 g6 13. Nxb7 Qxb7 14. b4 Qc7 15. Bb2 Ng4 16. h3 Nge5 17. Bxe5 Nxe5 18. Nxe5 Qxe5 19. Qb1 f5 20. f4 Qf6 21. Be2 e5 22. fxe5 Qxe5 23. Bf3 Rad8 24. Bd5+ Kg7 25. Qd1 Qg3 26. Qd4+ Rf6 27. Qf4 Qxf4 28. exf4 h6 29. Rad1 g5 30. fxg5 hxg5 31. Re7+ Kg6 32. Bf3 d6 33. Bd5 g4 34. hxg4 fxg4 35. Re6 Rxe6 36. Bxe6 g3 37. Rd3 1-0